[Event "Tournoi Skype 009"]
[Site "Skype"]
[Date "????.??.??"]
[Round "2.4"]
[White "Fouquereau, Andre"]
[Black "Harnandan, Sergio"]
[Result "0-1"]
[WhiteElo "1496"]
[BlackElo "1965"]
[PlyCount "70"]

1. e4 c5 2. Nc3 Nc6 3. Nf3 d6 4. d3 Nf6 5. h3 g6 6. Be2 Bg7 7. O-O O-O 8. Bg5
a6 9. Rb1 b5 10. a3 Be6 11. Be3 Nd7 12. Ng5 b4 13. Nxe6 fxe6 14. axb4 Nxb4 15.
d4 Nxc2 16. Qxc2 cxd4 17. Bxd4 Bxd4 18. Na4 Rf6 19. Qc4 Ba7 20. Qc6 Ne5 21. Qb7
Bd4 22. Rbd1 Rb8 23. Qxa6 Bxb2 24. Nxb2 Rxb2 25. Qa3 Rxe2 26. Qb4 Qc7 27. Qb1
Qc2 28. Qxc2 Rxc2 29. g4 Rf3 30. Kg2 Rcc3 31. Rh1 Kf7 32. Rde1 Rc2 33. Rhf1
Rcxf2+ 34. Rxf2 Rxf2+ 35. Kxf2 Nd3+ 0-1

[Event "Tournoi Skype 009"]
[Site "Skype"]
[Date "????.??.??"]
[Round "2.5"]
[White "Deville, Olivier"]
[Black "Loyarte, Frederic"]
[Result "1-0"]
[WhiteElo "1931"]
[BlackElo "1473"]
[PlyCount "69"]

1. Nf3 d5 2. c4 Nf6 3. cxd5 Nxd5 4. e4 Nb6 5. d4 Bg4 6. Be2 Bxf3 7. Bxf3 e6 8.
O-O Nc6 9. d5 Ne5 10. dxe6 Nxf3+ 11. Qxf3 Qf6 12. exf7+ Qxf7 13. Qxf7+ Kxf7 14.
Nc3 Bc5 15. Nd5 Nxd5 16. exd5 Rad8 17. Rd1 Rd7 18. Be3 Bxe3 19. fxe3 Re8 20.
Rd3 Re5 21. Rad1 h5 22. Kf2 Kf6 23. Rd4 Rf5+ 24. Ke2 g5 25. e4 Rf4 26. Ke3 Ke5
27. g3 Rg4 28. Rf1 Kd6 29. Rf5 h4 30. Kf3 hxg3 31. Kxg4 gxh2 32. Rd1 Rh7 33.
Rh1 Rh4+ 34. Kf3 g4+ 35. Kg3 1-0

[Event "Tournoi Skype 009"]
[Site "Skype"]
[Date "????.??.??"]
[Round "2.6"]
[White "L'Herbon De Lussats, Jean"]
[Black "Hilton, Stephen"]
[Result "0-1"]
[WhiteElo "1479"]
[BlackElo "1918"]
[PlyCount "80"]

1. e4 c5 2. c4 g6 3. Nf3 Bg7 4. Nc3 Nc6 5. Be2 Nf6 6. d3 O-O 7. O-O e6 8. Be3
d6 9. a3 b6 10. Qc1 Re8 11. Bh6 Bh8 12. Re1 Ng4 13. h3 Nxh6 14. Qxh6 Bg7 15.
Qh4 Qxh4 16. Nxh4 Nd4 17. Rac1 Bb7 18. Nf3 Bh6 19. Rb1 Bc6 20. Nxd4 cxd4 21.
Nb5 Bxb5 22. cxb5 Rac8 23. a4 Rc2 24. Bd1 Rd2 25. Be2 Rc8 26. Kf1 Rcc2 27. b3
Rc3 28. f3 Ra2 29. g4 Bf4 30. Ra1 Rxa1 31. Rxa1 Rxb3 32. Ra2 Be3 33. Rc2 Rb1+
34. Kg2 Rg1+ 35. Kh2 Ra1 36. Rc4 Ra2 37. Kg3 Rxe2 38. Kh4 h6 39. g5 hxg5+ 40.
Kg4 Rg2# 0-1

[Event "Tournoi Skype 009"]
[Site "Skype"]
[Date "????.??.??"]
[Round "2.7"]
[White "Lambert, Pierre"]
[Black "Saidi, Bhen"]
[Result "1-0"]
[WhiteElo "1862"]
[BlackElo "1467"]
[PlyCount "87"]

1. e4 e5 2. Nf3 Nc6 3. d4 exd4 4. Nxd4 Nf6 5. Nxc6 bxc6 6. e5 Nd5 7. c4 Bb4+ 8.
Bd2 Bxd2+ 9. Qxd2 Nb6 10. Bd3 O-O 11. O-O Ba6 12. Qc2 g6 13. Nd2 d5 14. Rfe1
dxc4 15. Be4 Bb5 16. Nf3 Qe7 17. a4 Bxa4 18. Rxa4 Nxa4 19. Qxa4 Rab8 20. Qxa7
Rxb2 21. Qd4 Rb4 22. Qc3 Rd8 23. Nd2 Qc5 24. Bc2 Qd5 25. Qxb4 Qxd2 26. Qxd2
Rxd2 27. Be4 c5 28. Kf1 c3 29. Rc1 Ra2 30. Bd3 Ra3 31. Bc4 Kf8 32. Ke2 Ke7 33.
Kd3 Kd7 34. Rxc3 Rxc3+ 35. Kxc3 Kc6 36. Bxf7 Kd7 37. Kc4 Ke7 38. Bd5 c6 39.
Bxc6 Ke6 40. f4 h6 41. Kxc5 g5 42. Bd5+ Kf5 43. e6 gxf4 44. e7 1-0

[Event "Tournoi Skype 009"]
[Site "Skype"]
[Date "????.??.??"]
[Round "2.9"]
[White "Jacquelin, Norbert"]
[Black "Antonic, Nenad"]
[Result "1-0"]
[WhiteElo "1816"]
[BlackElo "1466"]
[PlyCount "47"]

1. e4 e6 2. d4 d5 3. Nc3 Bb4 4. e5 c5 5. a3 Bxc3+ 6. bxc3 cxd4 7. Qg4 g6 8.
cxd4 Ne7 9. Bd3 Bd7 10. Ne2 Nbc6 11. c3 Ng8 12. Bg5 Nce7 13. O-O h6 14. Qh4 Qc7
15. Rfc1 Bc6 16. c4 Rd8 17. cxd5 exd5 18. Nf4 h5 19. Bxe7 Nxe7 20. Qf6 Rh7 21.
e6 Ng8 22. exf7+ Qxf7 23. Re1+ Kf8 24. Nxg6# 1-0

[Event "Tournoi Skype 009"]
[Site "Skype"]
[Date "????.??.??"]
[Round "2.10"]
[White "Belouin, Bruno"]
[Black "Legueltel, Daniel"]
[Result "0-1"]
[WhiteElo "1456"]
[BlackElo "1728"]
[PlyCount "120"]

1. d4 d5 2. e3 Nf6 3. Be2 c6 4. c4 e6 5. Nf3 Bd6 6. O-O O-O 7. c5 Bc7 8. b4 a6
9. Bd3 Nbd7 10. Nc3 e5 11. dxe5 Nxe5 12. h3 Nxd3 13. Qxd3 Re8 14. Bb2 Ne4 15.
Qd4 f6 16. h4 Bg4 17. Nh2 Be5 18. Qd3 Bf5 19. Rac1 Ng3 20. Qd1 Nxf1 21. Qxf1
Qe7 22. Re1 Qf7 23. f4 Bc7 24. Na4 Re4 25. Bc3 Rae8 26. Bd4 Qe7 27. Nf3 Bg4 28.
Nc3 Bxf3 29. Nxe4 Bxe4 30. f5 Qd7 31. g4 h5 32. Qh3 hxg4 33. Qxg4 Qxf5 34. Qxf5
Bxf5 35. Kf2 Re4 36. h5 Rh4 37. Rg1 Kf7 38. a4 Rxh5 39. Ke2 Rh2+ 40. Kd1 Ra2
41. a5 Be5 42. Re1 Bxd4 43. exd4 Ra1+ 44. Ke2 Rxe1+ 45. Kxe1 g5 46. Kf2 Be4 47.
Kg3 f5 48. Kf2 f4 49. Ke2 g4 50. Kf2 g3+ 51. Kg1 f3 52. b5 f2+ 53. Kf1 Bd3+ 54.
Kg2 f1=Q+ 55. Kxg3 Be4 56. bxa6 bxa6 57. Kg4 Kf6 58. Kg3 Qf3+ 59. Kh4 Qg2 60.
Kh5 Qg5# 0-1

[Event "Tournoi Skype 009"]
[Site "Skype"]
[Date "????.??.??"]
[Round "2.11"]
[White "Murgia, Stefano"]
[Black "Briere, Jean"]
[Result "1-0"]
[WhiteElo "1718"]
[BlackElo "1457"]
[PlyCount "47"]

1. e4 e5 2. d4 exd4 3. Qxd4 Nc6 4. Qe3 d6 5. Nc3 Be7 6. Bd2 Nf6 7. O-O-O O-O 8.
Qg3 Nh5 9. Qf3 Nf6 10. h3 Nd4 11. Qe3 c5 12. f4 Bd7 13. Nf3 Nxf3 14. gxf3 Bc6
15. Bd3 Re8 16. Rhg1 d5 17. Rxg7+ Kxg7 18. e5 Nh5 19. f5 Kh8 20. Qh6 Rg8 21. f6
Nxf6 22. exf6 Rg6 23. Bxg6 fxg6 24. Qg7# 1-0

[Event "Tournoi Skype 009"]
[Site "Skype"]
[Date "????.??.??"]
[Round "2.12"]
[White "Capdeville, Jean"]
[Black "Rajpurohit, Dinesh"]
[Result "0-1"]
[WhiteElo "1440"]
[BlackElo "1697"]
[PlyCount "26"]

1. e4 e5 2. Nf3 Nc6 3. d4 exd4 4. Nxd4 Bc5 5. Nxc6 bxc6 6. Nc3 Qf6 7. Qe2 Ne7
8. Be3 Bb4 9. O-O-O Bxc3 10. bxc3 Qxc3 11. Kb1 Qa3 12. Bc1 Rb8+ 13. Bb2 Qxb2#
0-1

[Event "Tournoi Skype 009"]
[Site "Skype"]
[Date "????.??.??"]
[Round "2.14"]
[White "De Leener, Luc"]
[Black "Chaignet, Lucas"]
[Result "0-1"]
[WhiteElo "1662"]
[BlackElo "1373"]
[PlyCount "44"]

1. e4 e5 2. Nf3 Nc6 3. d4 exd4 4. Nxd4 Bc5 5. Be3 Qf6 6. c3 Nge7 7. Nc2 Bb6 8.
Nd2 d5 9. exd5 Nxd5 10. Bxb6 Nxb6 11. Qe2+ Be6 12. O-O-O O-O 13. a3 Rad8 14.
Ne4 Qf4+ 15. Qe3 Rxd1+ 16. Kxd1 Rd8+ 17. Kc1 Na5 18. Qxf4 Nb3+ 19. Kb1 Rd1+ 20.
Ka2 Nc1+ 21. Ka1 Ne2+ 22. Qc1 Rxc1# 0-1

[Event "Tournoi Skype 009"]
[Site "Skype"]
[Date "????.??.??"]
[Round "2.16"]
[White "Sharma, Mayank"]
[Black "Gerbaux, Regis"]
[Result "1-0"]
[WhiteElo "1633"]
[BlackElo "1337"]
[PlyCount "81"]

1. e4 e6 2. d4 d5 3. e5 c5 4. c3 Nc6 5. Nf3 Qb6 6. Be2 cxd4 7. cxd4 Nge7 8. Nc3
Nf5 9. Bb5 Bd7 10. Bxc6 bxc6 11. O-O c5 12. Na4 Qa5 13. Nxc5 Bxc5 14. dxc5 Qxc5
15. a3 O-O 16. Bd2 Rfc8 17. Rc1 Qb6 18. Bc3 Rc6 19. Nd4 Nxd4 20. Qxd4 Qxd4 21.
Bxd4 Rxc1 22. Rxc1 a5 23. Rc7 Rc8 24. Rxc8+ Bxc8 25. b3 Ba6 26. Bc3 Kf8 27.
Bxa5 d4 28. Bb6 d3 29. Be3 f6 30. exf6 gxf6 31. f4 f5 32. Kf2 Kf7 33. Ke1 Ke7
34. Kd2 Kd6 35. a4 Kd5 36. h3 h6 37. Kc3 Ke4 38. Bd2 h5 39. b4 Kd5 40. b5 Bb7
41. Kxd3 1-0

[Event "Tournoi Skype 009"]
[Site "Skype"]
[Date "????.??.??"]
[Round "2.17"]
[White "Gabriele, Noel"]
[Black "Le Brun, Yves"]
[Result "0-1"]
[WhiteElo "1273"]
[BlackElo "1608"]
[PlyCount "60"]

1. e4 c5 2. Nf3 Nc6 3. Nc3 d6 4. h3 g6 5. Bc4 Bg7 6. O-O Nf6 7. Ng5 e6 8. Nf3
O-O 9. d3 a6 10. Be3 Qb6 11. b3 Ne7 12. d4 Nd7 13. Ne2 d5 14. exd5 exd5 15. Bd3
cxd4 16. Nexd4 Nc5 17. Be2 Qd6 18. Nh2 Nf5 19. Nxf5 Bxf5 20. Rc1 Ne4 21. Bd2
Be5 22. Nf3 Nxd2 23. Qxd2 Bf4 24. Qd1 Rfe8 25. Ra1 Rac8 26. Bd3 Bd7 27. a4 g5
28. g4 h5 29. Kh1 hxg4 30. hxg4 Qh6+ 0-1

[Event "Tournoi Skype 009"]
[Site "Skype"]
[Date "????.??.??"]
[Round "2.18"]
[White "Hague, Mark"]
[Black "Bourdeau, Yvan"]
[Result "0-1"]
[WhiteElo "1389"]
[BlackElo "1662"]
[PlyCount "82"]

1. d4 Nf6 2. c4 e5 3. dxe5 Ng4 4. Nf3 Bc5 5. e3 Nc6 6. Qd5 Qe7 7. Nc3 Ngxe5 8.
Nxe5 Nxe5 9. Be2 d6 10. O-O c6 11. Qe4 O-O 12. f4 f5 13. Qc2 Ng6 14. Rf3 Be6
15. Bd2 Rad8 16. Raf1 d5 17. cxd5 cxd5 18. Bc1 d4 19. exd4 Bxd4+ 20. Kh1 Qf7
21. a3 Rc8 22. Rg3 Rfd8 23. Bh5 Bb3 24. Qb1 Bc4 25. Rff3 Bxc3 26. Qc2 Bb3 27.
Bxg6 hxg6 28. Qf2 Rd1+ 29. Qg1 Rxg1+ 30. Kxg1 Bd4+ 31. Be3 Rc1+ 32. Kf2 Bxe3+
33. Rxe3 Rc2+ 34. Ke1 Be6 35. Rg5 Qf6 36. Re5 Rxb2 37. h4 Bf7 38. g3 Qc6 39.
Re2 Qh1+ 40. Kf2 Rxe2+ 41. Kxe2 Bc4+ 0-1

[Event "Tournoi Skype 009"]
[Site "Skype"]
[Date "????.??.??"]
[Round "2.19"]
[White "Janssen, Gerard"]
[Black "Sahil, Moin"]
[Result "1-0"]
[WhiteElo "1647"]
[BlackElo "1399"]
[PlyCount "29"]

1. d4 Nf6 2. c4 e6 3. Nc3 Bb4 4. Bg5 c5 5. Nf3 Qa5 6. Bd2 cxd4 7. Nxd4 Nc6 8.
e3 h6 9. Be2 Qb6 10. Nxc6 dxc6 11. O-O O-O 12. Qc2 Rd8 13. a3 Bd6 14. h3 a6 15.
b4 1-0

[Event "Tournoi Skype 009"]
[Site "Skype"]
[Date "????.??.??"]
[Round "2.20"]
[White "Duthoit, Bernard"]
[Black "Coruble, Didier"]
[Result "0-1"]
[WhiteElo "1602"]
[BlackElo "1398"]
[PlyCount "70"]

1. e4 c5 2. Nf3 Nc6 3. d4 Nxd4 4. Nxd4 e5 5. Nb3 b6 6. g3 Bb7 7. Bg2 Nf6 8. Nc3
Be7 9. O-O Ba6 10. Re1 O-O 11. Nd5 Bd6 12. Nxb6 axb6 13. Qxd6 Ne8 14. Qd1 d6
15. Be3 Qc7 16. f4 f6 17. Bf1 Bc8 18. c3 Be6 19. f5 Bf7 20. Qg4 Kh8 21. h4 Rg8
22. Kg2 g5 23. hxg5 fxg5 24. Bxg5 Ng7 25. Bf6 Be8 26. Bb5 Ra5 27. a4 Ra7 28.
Rh1 Qf7 29. Rxh7+ Kxh7 30. Rh1+ Nh5 31. Rxh5+ Qxh5 32. Qxh5+ Bxh5 33. g4 Rxg4+
34. Kh3 Rc7 35. Nd2 Rg1 0-1

[Event "Tournoi Skype 009"]
[Site "Skype"]
[Date "????.??.??"]
[Round "2.21"]
[White "Raheja, Shiv"]
[Black "Dubois, Real"]
[Result "0-1"]
[WhiteElo "1344"]
[BlackElo "1534"]
[PlyCount "98"]

1. c4 g6 2. e3 Bg7 3. Nc3 Nc6 4. Nf3 Nf6 5. Bd3 d6 6. Bc2 e5 7. Ne4 Be6 8. Nfg5
Bxc4 9. d3 Bd5 10. Ng3 Bxg2 11. Rg1 Bd5 12. e4 Be6 13. Nxe6 fxe6 14. Ba4 Qd7
15. Be3 a6 16. Bb3 d5 17. exd5 exd5 18. Qf3 Ne7 19. O-O-O O-O-O 20. Bg5 Rhf8
21. Rge1 Qd6 22. Kb1 h6 23. Bd2 Nh7 24. Qg4+ Kb8 25. h4 Rxf2 26. h5 g5 27. Qa4
Rf3 28. Bb4 c5 29. Ba5 Rdf8 30. Rg1 e4 31. Nxe4 dxe4 32. Qxe4 Rh8 33. Qxf3 Rf8
34. Qe2 Nc6 35. Bb6 Nd4 36. Qe3 Qxb6 37. Qe7 Qf6 38. Qxc5 Nxb3 39. Qc3 Qxc3 40.
bxc3 Na5 41. Rg3 Rf4 42. Kc2 Rf2+ 43. Kc1 Rxa2 44. d4 Ra1+ 45. Kd2 Rxd1+ 46.
Kxd1 Nc4 47. Kc2 Nf6 48. Kd3 b5 49. Re3 Nxe3 0-1

[Event "Tournoi Skype 009"]
[Site "Skype"]
[Date "????.??.??"]
[Round "2.22"]
[White "Porcabeuf, Jean-Marc"]
[Black "Vincent, Andre"]
[Result "1/2-1/2"]
[WhiteElo "1302"]
[BlackElo "1413"]
[PlyCount "118"]

1. d4 d5 2. c4 e6 3. Nf3 Nf6 4. a3 g6 5. Nc3 Bg7 6. Bg5 Nbd7 7. e3 O-O 8. Bd3
dxc4 9. Bxc4 c6 10. Ne4 Qc7 11. Bxf6 Nxf6 12. Nxf6+ Bxf6 13. O-O Rd8 14. Re1 e5
15. Qb3 Kg7 16. Rad1 Bg4 17. Be2 e4 18. Nd2 Be6 19. Qc3 Bd5 20. f3 exf3 21.
Bxf3 Bxf3 22. Nxf3 Rac8 23. Rf1 c5 24. Ne5 cxd4 25. Qxc7 Rxc7 26. exd4 Rd5 27.
Nf3 Rcd7 28. Rfe1 b5 29. Re4 Re7 30. Rxe7 Bxe7 31. b4 a6 32. Rc1 Bf6 33. Rc5
Bxd4+ 34. Nxd4 Rxd4 35. Rc6 a5 36. bxa5 Ra4 37. a6 Rxa3 38. Rb6 b4 39. Rxb4
Rxa6 40. h4 Rd6 41. Kh1 Rf6 42. g3 Re6 43. Kh2 Re7 44. Kh3 h5 45. Rf4 Re5 46.
Rd4 f6 47. Rc4 g5 48. Rd4 Kg6 49. Rc4 Re3 50. Rd4 Re1 51. hxg5 fxg5 52. Rd6+
Kf5 53. Rh6 g4+ 54. Kg2 Re2+ 55. Kg1 Re1+ 56. Kg2 Re2+ 57. Kh1 Re1+ 58. Kg2
Re2+ 59. Kh1 Re1+ 1/2-1/2

[Event "Tournoi Skype 009"]
[Site "Skype"]
[Date "????.??.??"]
[Round "2.23"]
[White "Talbot, Jacques"]
[Black "Vervoort, Jean-Louis"]
[Result "1-0"]
[WhiteElo "1412"]
[BlackElo "1290"]
[PlyCount "83"]

1. e4 e5 2. Nf3 Nc6 3. d4 d6 4. dxe5 dxe5 5. Qxd8+ Nxd8 6. Nxe5 Nf6 7. Nc3 Bd6
8. Nf3 O-O 9. Be2 Re8 10. O-O Nxe4 11. Nxe4 Rxe4 12. Bd3 Re6 13. Bg5 Bd7 14.
Rfe1 Nc6 15. c3 a6 16. Re2 Rae8 17. Rae1 h6 18. Bd2 Ne5 19. Nxe5 Bxe5 20. Bc4
R6e7 21. g3 Bf6 22. Bf4 b5 23. Bd3 c5 24. Rxe7 Rxe7 25. Rxe7 Bxe7 26. Bd2 Bf6
27. Kf1 Kf8 28. f4 g5 29. fxg5 Bxg5 30. Bxg5 hxg5 31. Kf2 f5 32. Ke3 Ke7 33. h4
Kf6 34. h5 Kg7 35. Be2 Kh6 36. g4 f4+ 37. Ke4 Kg7 38. b3 Kh6 39. Kd5 b4 40. c4
a5 41. Kxc5 a4 42. bxa4 1-0

[Event "Tournoi Skype 009"]
[Site "Skype"]
[Date "????.??.??"]
[Round "2.24"]
[White "Armingaud, Jean-Claude"]
[Black "Gharbi, Said"]
[Result "0-1"]
[WhiteElo "1246"]
[BlackElo "1406"]
[PlyCount "32"]

1. e4 d5 2. Nc3 d4 3. Nd5 e5 4. Nf3 c6 5. Nb4 Bxb4 6. Nxe5 Qe7 7. f4 Nd7 8. a3
Ba5 9. b4 Bc7 10. Bb2 Nxe5 11. Bxd4 Nf6 12. Bxe5 Nxe4 13. Qe2 Bf5 14. Bxc7 Qxc7
15. Qh5 Qxf4 16. Qf3 Qxd2# 0-1

[Event "Tournoi Skype 009"]
[Site "Skype"]
[Date "????.??.??"]
[Round "2.25"]
[White "Belouin, Alexis"]
[Black "Martin, Elise"]
[Result "1-0"]
[WhiteElo "1399"]
[BlackElo "1260"]
[PlyCount "95"]

1. e4 c5 2. Nc3 a6 3. d3 Nc6 4. Bf4 d6 5. a3 Qb6 6. Na4 Qa5+ 7. c3 Nf6 8. b4
Qd8 9. h3 e5 10. Bg3 Na5 11. bxa5 Qxa5 12. Rc1 Be7 13. Qb3 Qc7 14. Nb6 Ra7 15.
Rb1 O-O 16. Nf3 Be6 17. Nd5 Nxd5 18. exd5 Bf5 19. Bh4 Bxh4 20. Nxh4 Bc8 21. Qb2
Qd8 22. Nf3 h6 23. d4 e4 24. Nd2 Qf6 25. Nxe4 Qf5 26. Nxd6 Qxd5 27. Nc4 Qe4+
28. Be2 Qxg2 29. Kd2 Qg5+ 30. Ne3 Re8 31. c4 Qf6 32. d5 Qxb2+ 33. Rxb2 b6 34.
Rxb6 a5 35. Rb8 Rae7 36. Bg4 Bxg4 37. Rxe8+ Rxe8 38. hxg4 Re4 39. Rb1 Rd4+ 40.
Ke2 a4 41. Rb5 Kh7 42. Rxc5 f6 43. Ra5 Kg6 44. Rxa4 h5 45. gxh5+ Kxh5 46. Ra6
Rg4 47. Nxg4 Kxg4 48. d6 1-0

[Event "Tournoi Skype 009"]
[Site "Skype"]
[Date "????.??.??"]
[Round "2.27"]
[White "Galani, Mahendra"]
[Black "Philibert, Andre"]
[Result "0-1"]
[WhiteElo "1399"]
[BlackElo "1243"]
[PlyCount "50"]

1. e4 e5 2. Bc4 Nf6 3. d3 Be7 4. Nf3 d6 5. Ng5 d5 6. exd5 Nxd5 7. Ne4 O-O 8.
Qf3 Be6 9. Qg3 Nc6 10. Bh6 Bf6 11. Nxf6+ Qxf6 12. Bg5 Qf5 13. Bh6 Qg4 14. Bd2
Rad8 15. h3 Qxg3 16. fxg3 Nd4 17. Na3 Rfe8 18. c3 Nf5 19. g4 Ng3 20. Rg1 Nf4
21. Bxf4 exf4 22. Kf2 Bxc4 23. dxc4 Re2+ 24. Kf3 g5 25. b4 Rd3# 0-1

[Event "Tournoi Skype 009"]
[Site "Skype"]
[Date "????.??.??"]
[Round "2.28"]
[White "Bucherie, Volcy"]
[Black "Grasset, Xavier"]
[Result "1-0"]
[WhiteElo "1210"]
[BlackElo "1399"]
[PlyCount "61"]

1. c4 d5 2. Nf3 dxc4 3. e3 b5 4. Nc3 c6 5. Ne5 Be6 6. d4 f6 7. Nf3 b4 8. Ne4 b3
9. Nc5 Qc8 10. axb3 cxb3 11. g3 a5 12. Bg2 Bd5 13. e4 Bf7 14. Nxb3 Qb7 15. Nxa5
Qb6 16. O-O Rxa5 17. Bf4 Qxb2 18. Rxa5 Kd7 19. Ra7+ Kc8 20. Rc7+ Kd8 21. Ra7 e5
22. dxe5+ Kc8 23. Bh3+ f5 24. Bxf5+ Nd7 25. Qxd7+ Kb8 26. e6+ Bd6 27. Qd8+ Kxa7
28. Bxd6 Bh5 29. Qd7+ Ka6 30. Qxc6+ Qb6 31. Ra1# 1-0

[Event "Tournoi Skype 009"]
[Site "Skype"]
[Date "????.??.??"]
[Round "2.29"]
[White "Coude, Josue"]
[Black "Grover, Lovely"]
[Result "0-1"]
[WhiteElo "1178"]
[BlackElo "1399"]
[PlyCount "112"]

1. e4 c5 2. Nf3 d6 3. Bc4 e5 4. Nc3 Nf6 5. d3 h6 6. Be3 g5 7. Nd5 Nxd5 8. Bxd5
g4 9. Nd2 Qh4 10. O-O Rg8 11. g3 Qh3 12. Qe2 h5 13. Kh1 Be7 14. Rg1 Nd7 15. Qf1
Rh8 16. Qxh3 gxh3 17. Nf3 Nb6 18. Bb3 Bg4 19. Ng5 Rf8 20. Nh7 Bf3+ 21. Rg2
hxg2+ 22. Kg1 Rg8 23. Ng5 Bxg5 24. h4 Be7 25. Bd2 Rg4 26. Ba5 Nd7 27. Ba4 b6
28. Bd2 O-O-O 29. b3 Nf6 30. Bg5 d5 31. exd5 Rxd5 32. Bc6 Rd6 33. Bxf3 Rxg5 34.
hxg5 Nh7 35. Bxh5 Nxg5 36. Kxg2 Rh6 37. Bg4+ Kc7 38. Re1 f6 39. Rh1 Rg6 40. Bh5
Rg7 41. f4 exf4 42. gxf4 Ne4+ 43. Kf3 Nd2+ 44. Kf2 c4 45. dxc4 Bc5+ 46. Ke2 Rd7
47. Be8 Ne4 48. Bxd7 Kxd7 49. Rh7+ Ke6 50. Rxa7 Ng3+ 51. Kf3 Nh1 52. Ra8 Kf5
53. Rh8 Nf2 54. Rc8 Nh3 55. Rh8 Nxf4 56. Rh5+ Nxh5 0-1

[Event "Tournoi Skype 009"]
[Site "Skype"]
[Date "????.??.??"]
[Round "2.30"]
[White "Lequeux, Pierre"]
[Black "Rival, Jocelyn"]
[Result "0-1"]
[WhiteElo "1399"]
[BlackElo "1156"]
[PlyCount "44"]

1. e4 e5 2. Nc3 Nf6 3. d3 Bb4 4. Bd2 d6 5. a3 Ba5 6. b4 Bb6 7. Bg5 Bd4 8. Qd2
Nbd7 9. Nf3 h6 10. Bxf6 Qxf6 11. Be2 Bxc3 12. Qxc3 c6 13. O-O Nb6 14. Qb3 O-O
15. g3 Bg4 16. Kg2 d5 17. h3 Be6 18. Ne1 dxe4 19. Qc3 Nd5 20. Qb2 Qf5 21. dxe4
Qxh3+ 22. Kf3 Bg4# 0-1

[Event "Tournoi Skype 009"]
[Site "Skype"]
[Date "????.??.??"]
[Round "2.32"]
[White "Meaney, Mike"]
[Black "Gagnon, Sindy"]
[Result "1-0"]
[WhiteElo "1399"]
[BlackElo "1029"]
[PlyCount "57"]

1. d4 Nf6 2. Nf3 Nc6 3. c3 d5 4. e3 e6 5. Bb5 a6 6. Bxc6+ bxc6 7. Ne5 Qd6 8. b3
Ne4 9. Ba3 c5 10. f3 Ng5 11. Bxc5 Qd8 12. Bxf8 f6 13. Bxg7 Rg8 14. Bh6 fxe5 15.
dxe5 c6 16. Qd3 Rb8 17. h4 Ne4 18. Nd2 Nc5 19. Qxh7 Rxg2 20. Qh8+ Kd7 21. Qxd8+
Kxd8 22. Bg5+ Ke8 23. Kd1 a5 24. Kc2 Rb5 25. Rhg1 Rh2 26. Bf6 Ba6 27. Rg8+ Kf7
28. Rag1 Nd7 29. R1g7# 1-0

[Event "Tournoi Skype 009"]
[Site "Skype"]
[Date "????.??.??"]
[Round "2.33"]
[White "Baker, Abi"]
[Black "Mordaa, Ahmad"]
[Result "0-1"]
[WhiteElo "1000"]
[BlackElo "1399"]
[PlyCount "40"]

1. c4 e5 2. g3 Nf6 3. Bg2 Bc5 4. d3 d6 5. Nc3 c6 6. e4 O-O 7. Nge2 h6 8. Be3
Bb6 9. Qc2 Bxe3 10. fxe3 Ng4 11. Kd2 Qg5 12. Nd5 cxd5 13. cxd5 Nxe3 14. Qc7
Nxd5+ 15. Nf4 Nxc7 16. h4 Qxg3 17. Nd5 Qxg2+ 18. Ke3 Nxd5+ 19. exd5 Bg4 20. d4
Qe2# 0-1

[Event "Tournoi Skype 009"]
[Site "Skype"]
[Date "????.??.??"]
[Round "2.34"]
[White "Ryan, Lea"]
[Black "Marty, Yvette"]
[Result "1-0"]
[WhiteElo "1399"]
[BlackElo "1000"]
[PlyCount "66"]

1. e4 e5 2. Bc4 Nc6 3. Nf3 Bc5 4. d3 Nf6 5. Bg5 Be7 6. Qd2 b6 7. Nc3 Bb7 8. a3
d6 9. h3 Qc8 10. Be3 h6 11. g4 Na5 12. Ba2 Qd7 13. O-O-O Nc6 14. g5 hxg5 15.
Nxg5 Rf8 16. Rdg1 Nh7 17. Nxh7 Rg8 18. Ng5 Rf8 19. Bxf7+ Rxf7 20. Nxf7 Kxf7 21.
Rg4 Bf6 22. Rhg1 Ke6 23. Nd5 Ne7 24. Nxf6 gxf6 25. Rg7 Re8 26. Qe2 d5 27. Qg4+
Kd6 28. Qxd7+ Kxd7 29. exd5 Bxd5 30. h4 e4 31. dxe4 Bxe4 32. Rd1+ Kc8 33. h5
Kb7 1-0

[Event "Tournoi Skype 009"]
[Site "Skype"]
[Date "????.??.??"]
[Round "3.1"]
[White "Legueltel, Daniel"]
[Black "Hervais, Adrien"]
[Result "0-1"]
[WhiteElo "1728"]
[BlackElo "2063"]
[PlyCount "86"]

1. d4 d5 2. c4 e6 3. Nc3 c6 4. Nf3 dxc4 5. e3 b5 6. Ne5 Bb7 7. a4 Bb4 8. Qf3
Qc7 9. Qg3 f6 10. Nf3 Qxg3 11. hxg3 Ne7 12. Bd2 a6 13. Ne4 Nd5 14. Rc1 Bxd2+
15. Kxd2 Ke7 16. Nc5 Bc8 17. Ra1 Nd7 18. Nxd7 Kxd7 19. Be2 Bb7 20. Ne1 Nb6 21.
a5 Nd5 22. Nc2 h6 23. Bf3 Ne7 24. g4 Rhd8 25. Rh5 Kc7 26. Ke2 Rac8 27. Be4 Kb8
28. f4 Rc7 29. g5 hxg5 30. fxg5 g6 31. Rh6 fxg5 32. Rf1 c5 33. Bxb7 Kxb7 34.
dxc5 Nf5 35. c6+ Ka7 36. Rxg6 Ng3+ 37. Ke1 Nxf1 38. Kxf1 Rd2 39. Nd4 Rxb2 40.
Rxe6 Rf7+ 41. Kg1 c3 42. Re5 c2 43. Rc5 Rb1+ 0-1

[Event "Tournoi Skype 009"]
[Site "Skype"]
[Date "????.??.??"]
[Round "3.2"]
[White "Ayotte, Jocelyn"]
[Black "Murgia, Stefano"]
[Result "1-0"]
[WhiteElo "2046"]
[BlackElo "1718"]
[PlyCount "45"]

1. d4 d5 2. Nf3 e6 3. c4 c5 4. cxd5 exd5 5. g3 c4 6. Bg2 Bb4+ 7. Nc3 Ne7 8. O-O
Nbc6 9. a3 Ba5 10. Bf4 O-O 11. e4 Be6 12. Ng5 Bb6 13. Qh5 h6 14. Nxe6 fxe6 15.
exd5 Nxd4 16. Rad1 Rf5 17. Qg4 h5 18. Qh3 Ng6 19. Be3 Qf6 20. dxe6 Nxe6 21. Be4
Re5 22. Nd5 Qf7 23. Bxg6 1-0

[Event "Tournoi Skype 009"]
[Site "Skype"]
[Date "????.??.??"]
[Round "3.3"]
[White "Rajpurohit, Dinesh"]
[Black "Auger, Bertrand"]
[Result "0-1"]
[WhiteElo "1697"]
[BlackElo "1985"]
[PlyCount "50"]

1. e4 e6 2. Nf3 d5 3. exd5 exd5 4. Be2 Bd6 5. Nc3 Nf6 6. O-O O-O 7. d4 c6 8.
Bd3 Bg4 9. h3 Bh5 10. Be2 Nbd7 11. Bg5 Qc7 12. Nh4 Bxe2 13. Nxe2 Ne4 14. Be3 f5
15. f4 Rae8 16. Rf3 Qd8 17. Qe1 Be7 18. g3 Nxg3 19. Qxg3 Bxh4 20. Qg2 Rf6 21.
Kh1 Rg6 22. Qf1 Nf6 23. Bf2 Nh5 24. Re1 Rge6 25. Rd1 Rxe2 0-1

[Event "Tournoi Skype 009"]
[Site "Skype"]
[Date "????.??.??"]
[Round "3.4"]
[White "Harnandan, Sergio"]
[Black "Megelas, Florent"]
[Result "0-1"]
[WhiteElo "1965"]
[BlackElo "1660"]
[PlyCount "54"]

1. d4 d5 2. e4 e6 3. e5 c5 4. c3 cxd4 5. cxd4 Nc6 6. Nf3 Qb6 7. Nc3 Nge7 8. Bd3
Ng6 9. O-O Be7 10. a3 O-O 11. Ne2 Bd7 12. g3 Rac8 13. h4 f6 14. h5 Nh8 15. Nf4
fxe5 16. Nxe5 Nxe5 17. dxe5 Nf7 18. Bxh7+ Kxh7 19. Ng6 Rfe8 20. Qd3 Kg8 21. a4
Bg5 22. Bxg5 Nxg5 23. Kg2 Bc6 24. f4 d4+ 25. Kg1 Qxb2 26. Rf2 Nh3+ 27. Kh2 Nxf2
0-1

[Event "Tournoi Skype 009"]
[Site "Skype"]
[Date "????.??.??"]
[Round "3.5"]
[White "Peignien, Laurent"]
[Black "Deville, Olivier"]
[Result "0-1"]
[WhiteElo "1682"]
[BlackElo "1931"]
[PlyCount "78"]

1. e4 c5 2. c3 Nf6 3. e5 Nd5 4. d4 cxd4 5. Nf3 e6 6. cxd4 b6 7. Bd3 Bb7 8. O-O
Qc7 9. Bd2 Nb4 10. Bxb4 Bxb4 11. Nbd2 Be7 12. Rc1 Nc6 13. Bb1 f5 14. d5 exd5
15. Bxf5 O-O-O 16. Re1 Kb8 17. Nb3 d6 18. Nfd4 dxe5 19. Ne6 Qd6 20. Nxd8 Rxd8
21. Re2 g6 22. Bh3 g5 23. Rec2 Qg6 24. Qg4 Rf8 25. Qd7 Rd8 26. Qe6 Qxe6 27.
Bxe6 Nb4 28. Rc7 Nxa2 29. Rxe7 Nxc1 30. Nxc1 d4 31. Bf5 e4 32. Bxe4 Bxe4 33.
Rxe4 d3 34. Nxd3 Rxd3 35. Re8+ Kc7 36. Kf1 Rd2 37. Re2 Rd1+ 38. Re1 Rxe1+ 39.
Kxe1 Kd6 0-1

[Event "Tournoi Skype 009"]
[Site "Skype"]
[Date "????.??.??"]
[Round "3.6"]
[White "Hilton, Stephen"]
[Black "Sharma, Mayank"]
[Result "1-0"]
[WhiteElo "1918"]
[BlackElo "1633"]
[PlyCount "61"]

1. d4 Nf6 2. c4 e6 3. Nc3 Be7 4. Nf3 d5 5. Bg5 Nbd7 6. e3 O-O 7. Qc2 c5 8. cxd5
exd5 9. dxc5 Nxc5 10. Be2 Nce4 11. Nxe4 Nxe4 12. Bxe7 Qxe7 13. O-O b6 14. Rfd1
Bb7 15. Rd4 Rfd8 16. Rad1 Rac8 17. Qb1 Qf6 18. Bd3 g6 19. Bc2 Ng5 20. Nxg5 Qxg5
21. Bb3 h5 22. Qd3 Qe5 23. e4 Re8 24. exd5 Qe1+ 25. Qf1 Qxf1+ 26. Rxf1 Re2 27.
Rb1 b5 28. f3 Rd8 29. d6 Re5 30. Rc1 Kg7 31. Rc7 1-0